Živnosť alebo eseročka?
Výhody založenia si živnosti. Výhody podnikania formou spoločnosti s ručením obmedzeným. Jedno-osobná eseročka. Administratívne nevýhody eseročky. Nútená živnosť.
Enregistré dans:
| Auteur principal: | |
|---|---|
| Format: | Chapitre de livre |
| Langue: | slovaque |
| Sujets: | |
| Tags: |
Pas de tags, Soyez le premier à ajouter un tag!
|
MARC
| LEADER | 00000naa a2200000 4500 | ||
|---|---|---|---|
| 001 | 0208839 | ||
| 005 | 20231113083606.1 | ||
| 041 | 0 | |a slo | |
| 044 | |a SK | ||
| 245 | 1 | 0 | |a Živnosť alebo eseročka? |c Štefánia Kačalková |
| 520 | |a Výhody založenia si živnosti. Výhody podnikania formou spoločnosti s ručením obmedzeným. Jedno-osobná eseročka. Administratívne nevýhody eseročky. Nútená živnosť. | ||
| 610 | 2 | 0 | |a podnikanie |
| 610 | 2 | 0 | |a podnikatelia |
| 610 | 2 | 0 | |a živnosti |
| 610 | 2 | 0 | |a živnostníci |
| 610 | 2 | 0 | |a spoločnosti s r.o. |
| 100 | 1 | |a Kačalková, Štefánia | |